Formulacin̤ y evaluacin̤ de proyectos de inversin̤ Una propuesta metodolg̤ica /

Detalles Bibliográficos
Autor principal: Rodrg̕uez Aranday, Fernando
Formato: eBook
Lenguaje:español
Publicado: Mx̌ico DF: Instituto Mexicano de Contadores Pb︢licos, 2018
Materias:
Acceso en línea:Acceso restringido

MARC

LEADER 00000nam a22000007a 4500
005 20180417224829.0
007 cr|||| |||
008 180417s2018 mx |||||s|||| 00||0 spa d
020 |a 978-607-8552-42-9 
035 |a 21430 
040 |a vLex 
090 |c 7784  |d 7784 
100 1 |a Rodrg̕uez Aranday, Fernando 
245 1 0 |a Formulacin̤ y evaluacin̤ de proyectos de inversin̤  |h [Recurso electrn̤ico] :  |b Una propuesta metodolg̤ica /  |c Fernando Rodrg̕uez Aranday 
256 |a Servicio en ln̕ea 
260 |a Mx̌ico DF:  |b Instituto Mexicano de Contadores Pb︢licos,  |c 2018 
300 |a 1 recurso electrn̤ico 
500 |a El contenido de esta obra ayuda a que la inversin̤ en proyectos novedosos y en tecnologa̕ de punta tenga el retorno que se espera para ser rentable y generar nuevos planes en esta materia. Formulacin̤ y evaluacin̤ de proyectos de inversin̤. Una propuesta metodolg̤ica aborda los temas indispensables para elaborar y evaluar proyectos de inversin̤ de manera eficiente, y expone la metodologa̕ y los cl̀culos que se necesitan para obtener informacin̤ completa y confiable, fundamentada en el rigor del mťodo sugerido por el autor del presente libro. De esta manera se muestran cuadros que se anotan en los estados financieros proforma y que ofrecen la informacin̤ requerida para verificar su viabilidad. Esta edicin̤ contiene los cl̀culos y vn̕culos en Excel para que los datos se modifiquen con prontitud y se obtenga la informacin̤ necesaria para tomar decisiones razonadas, as ̕como para obtener la certeza y rapidez que los tiempos actuales demandan. 
506 1 |a Disponible solo en los productos indicados  |d vLex Global  |d vLex Global (Academic Edition, excluding Law Schools)  |d vLex Global (U.S. Academic Edition, Law Schools)  |d vLex Global (U.S. Academic Edition, excluding Law Schools)  |d vLex Global (Academic Edition, Law Schools) 
650 0 4 |a Derecho Mercantil y de la Empresa  |z Mx̌ico 
650 0 4 |a Financiero  |z Mx̌ico 
650 0 4 |a Economa̕ y negocios  |z Mx̌ico 
650 0 4 |a Contabilidad  |z Mx̌ico 
740 0 |a vLex Libros (Servicio en ln̕ea) 
856 4 0 |u http://vlex.com/source/formulacion-y-evaluacion-de-proyectos-de-inversion-una-propuesta-metodologica-21430  |z Acceso restringido 
942 |c BOOK 
999 0 |a Business and Company Law 
999 0 |a Financial 
999 0 |a Economy and business 
999 0 |a Accounting